00754nam a2200169 a 450000100100000000500170001000800410002704000250006808200150009311001120010824501320022026000660035230000270041804900090044595201130045499900170056700002881620200930055145.0110412s2002 dr a 000 0 spa d aDO-SdBNPbspacBNPHU axxxbC755c1 aConsejo Nacional de Seguridad SocialbDirección de Información y Defensa de los Afiliados (DIDA)95579810aCosas que hay que saber sobre la seguridad social :binformación para empleadores y empleados del sector público y privado. aSanto Domingo :bConsejo Nacional de Seguridad Social,c2002. a49 p. :bil. ;c28 cm. aBNPD 0010718PDaPDbPDcCTd2011-04-12iLF1l0oxxx C755cp28816-10r2020-06-25w2020-06-25yLFPDZNo se presta c28308d28308